02303 a2200265 4500003000500000005001700005010001700022020002300039020002600062035002100088035002400109040000900133082001300142245011300155260006700268300003500335440004300370505133700413650004601750700002501796700001901821700001401840856009101854856009201945Nust20170207165829.0 a 2008003735 a0470723742 (cloth) a9780470723746 (cloth) a(OCoLC)182733640 a(OCoLC)ocn182733640 cNust00a621.381500aMobile displays btechnology and applications E-Bookcedited by Achintya K. Bhowmik, Zili Li, Philip J. Bos. aChichester, England ;aHoboken, NJ :bJ. Wiley & Sons,cc2008. axxiv, 625 p. :bill. ;c26 cm. 0aWiley-SID series in display technology a Introduction to Mobile Displays(Page-1), Human Factors Considerations: Seeing Information (Page-23), Advanced Mobile Display Technology (Page-53), In-Plane Switching (IPS) LCD Technology for Mobile Applications (Page-75), Transflective Liquid Crystal Display Technologies (Page-97), Wide Viewing Angle and High Brightness Liquid Crystal Displays Incorporating Birefringent Compensators and Energy-Efficient Backlight (Page-133), Backlighting of Mobile Displays (Page-211), LED Backlighting of LCDs in Mobile Appliances (Page-227), Advances in Mobile Display Driver Electronics (Page-251), Mobile Display Digital Interface (MDDI) (Page-285), MIPI High-Speed Serial Interface Standard for Mobile Displays (Page-315), Image Reconstruction on Color Sub-pixelated Displays (Page-329), Recent SOG (System-on-Glass) Development Based on LTPS Technology (Page-369), Advances in AMOLED Technologies (Page-385), Electronic Paper Displays (Page-427) Reflective Cholesteric Liquid Crystal Displays (Page-443), BiNem1 Displays: From Principles to Applications (Page-469), Electrowetting Displays for Mobile Multimedia Applications (Page-511),3D Displays for Portable Handheld Devices (Page-539), Eyewear Displays (Page-551), Mobile Projectors Using Scanned Beam Displays (Page-565), Plastic Backplane Technology for Mobile Displays (Page-589). 0aTelecommunications engineering - (E-BOOK)1 aBhowmik, Achintya K.1 aBos, Philip J.1 aLi, Zili.423Publisher descriptionuhttp://www.loc.gov/catdir/enhancements/fy0810/2008003735-d.html423Table of contents onlyuhttp://www.loc.gov/catdir/enhancements/fy0810/2008003735-t.html